| 000 | 00499 a2200193 4500 | ||
|---|---|---|---|
| 003 | OSt | ||
| 005 | 20180116182908.0 | ||
| 008 | 160426b xxu||||| |||| 00| 0 eng d | ||
| 020 | _a617961796179 | ||
| 040 | _c0 | ||
| 082 | _a111 | ||
| 100 | _aRegani,Shirisha. | ||
| 110 | _aICFAI | ||
| 245 |
_aStarbucks'Human Resource Management Policies and the Growth Challenge _cICMR Case Collection |
||
| 250 | _aHROB 068 | ||
| 260 |
_aIndia _bICFAI _c2005 |
||
| 300 | _a12p | ||
| 942 |
_aNBS _cCS _k111 _2ddc |
||
| 999 |
_c348067 _d348067 |
||